00629nam a2200217 a 4500001001300000003000900013005001700022008004100039020002300080082001500103100001800118245001900136260003600155500003500191650001900226700001800245902000800263942000700271952011600278999001700394nice12345678IN_TiNIC20260116014527.0100927s2009 hara grp 000 0 eng  a9788171947263c67500a336.2bBHA aBhargava, U K aIncome Tax Act aHaryanabVinod Singhania c2009 aincludes index and biblioraphy aTax Assessment1 aBhargava, U K bSRC cBK 001040708StackRoom-aHMIbHMId2010-09-27g675.00l0o336.2 BHAp023374r2010-09-27v675.00w2010-09-27yBK c15791d15791